Banderas con zoom - Estadísticas

Estadísticas generales
  • Esta prueba ha sido intentada 11 veces
  • La puntuación promedio es 13 de 16
Estadísticas de respuestas
Imagen Respuesta % Correcto
Brasil
100%
Israel
100%
Kosovo
100%
República Democrática del Congo
100%
Antigua y Barbuda
91%
Azerbaiyán
91%
Guatemala
91%
Sri Lanka
91%
Bielorrusia
82%
Irak
82%
Irán
82%
Bosnia y Herzegovina
73%
Kiribati
64%
San Cristobal y Nieves
64%
Dominica
55%
Yibuti
55%
No se encontraron pruebas coincidentes
Distribución de puntuación
Porcentaje de gente con cada puntuación
Porcentaje por número respondido
Historial de tus puntuaciones
No has intentado esta prueba.